| 000 | 00850cam a22002777i 4500 | ||
|---|---|---|---|
| 008 | |||
| 020 | _a9781446247419 (pbk.) | ||
| 049 | _aMAIN | ||
| 090 |
_aHM741 _bBOR |
||
| 100 | 1 | _aBorgatti, Stephen P. | |
| 245 | 1 | 0 |
_aAnalyzing social networks / _cStephen P Borgatti, Martin G Everett [and] Jeffrey C Johnson. |
| 260 |
_aLos Angeles : _bSAGE, _c2013. |
||
| 300 |
_aviii, 296 p. : _bill. ; _c24 cm. |
||
| 504 | _aIncludes bibliographical references. | ||
| 500 | _aIncludes index. | ||
| 650 | 0 | _aSocial networks. | |
| 650 | 0 |
_aSocial sciences _xNetwork analysis. |
|
| 650 | 7 | _aSocial networks. | |
| 700 | 1 | _aEverett, Martin G. | |
| 700 | 1 | _aJohnson, Jeffrey C. | |
| 907 |
_a.b10388837 _b25-09-18 _c16-02-18 |
||
| 003 | |||
| 005 | 20230123141101.0 | ||
| 040 | _cNUST | ||
| 942 |
_cBOOKS _kHM741 _mBOR |
||
| 999 |
_c167382 _d167382 |
||